Visualizzazione normale
Vista MARC
- Ulvaeus Bjorn
di Personal Name
Records bibliografici associati: 1
001 - CONTROL NUMBER
- control field: 9705
003 - CONTROL NUMBER IDENTIFIER
- control field: IT-RoPau
005 - DATE AND TIME OF LATEST TRANSACTION
- control field: 20140119212617.0
008 - FIXED-LENGTH DATA ELEMENTS
- fixed length control field: 140119|| aca||aabn | a|a d
040 ## - CATALOGING SOURCE
- Original cataloging agency: IT-RoPau
- Transcribing agency: IT-RoPau
100 ## - HEADING--PERSONAL NAME
- Personal name: Ulvaeus Bjorn
- Dates associated with a name: Codice autore SPICS: 27362
- Relator term: Autore
- Name of part/section of a work: Arrival
670 ## - SOURCE DATA FOUND
- Source citation: Work cat.: (IT-RoPau)100816: Oldfield Mike 9697, Music Wonderland